000
00175 a2200085 4500
245
_a
Things fall apart
_h
Text
100
_a
Chinua Achebe
650
_a
literature
005
20191017173420.0
084
_a
NONE
999
_c
10227
_d
10227